000 00731cam a22002533a 4500
001 1601
003 PGUSA
005 20140828083003.0
008 990101s1999||||xxu|||||s|||||000 1 eng d
040 _aPGUSA
_beng
042 _adc
050 4 _aPS
100 1 _aRinehart, Mary Roberts,
_d1876-1958
245 1 4 _aThe Breaking Point
_h[electronic resource] /
_cMary Roberts Rinehart
260 _bProject Gutenberg,
_c1999
506 _aPublic domain in the USA.
516 _aElectronic text
653 _aMurder -- Fiction
653 _aDetective and mystery stories
653 _aMan-woman relationships -- Fiction
830 0 _aProject Gutenberg
_v1601
856 4 0 _uhttp://www.gutenberg.org/ebooks/1601
942 _cEB
999 _c230949
_d230949